000
00253nam a22001217a 4500
003
SGT
082
_a
617.8
_b
O10R
100
_a
REES
245
_a
OXFORD HAND BOOK OF THE AUDITORY BRAIN
260
_b
OXFORD UNI
_c
2010
300
_a
558
942
_2
ddc
_c
BK
999
_c
17890
_d
17890